| 000 | 00557nam a2200181Ia 4500 | ||
|---|---|---|---|
| 008 | 220216s9999 xx 000 0 und d | ||
| 100 | _aPrema K H | ||
| 245 | 0 | _aEffect of carbon black on the mechanical and dielectric properties of rubber ferrite composites | |
| 260 |
_bProgress in Rubber, Plastics and Recycling Technology _c2009 |
||
| 300 | _a57-73 | ||
| 650 | _aCarbon black | ||
| 650 | _aDielectric properties | ||
| 650 | _aMechanical properties | ||
| 700 | _aAnantharaman M R | ||
| 700 | _aKurian Philip | ||
| 700 | _aSanoj M A | ||
| 942 | _cJS | ||
| 999 |
_c57733 _d57733 |
||